000 00637nam a2200217Ia 4500
003 OSt
005 20221007070226.0
006 a|||||r|||| 00| 0
007 ta
008 221006b |||||||| |||| 00| 0 eng d
024 _a19,091
037 _cTextual
040 _aFLL
_cFLL
_beng
041 _2eng
_aeng
082 _aZ,2674p53,N71, L4
245 0 _aRecords of the diplomatic conference for the revision of the berne convention
260 _aGeneva
_bWorld intellectual property organization Germany
_c1974
300 _a252p
_ccm.
942 _hZ,2674p53,N71, L4
_cTEXL
_2CC
999 _c1139891
_d1139891